Колебания деформируемых систем при импульсных и подвижных нагрузках: монография

Bibliographische Detailangaben
1. Verfasser: Кохманюк С. С. Сергей Степанович
Körperschaft: Академия наук Украинской ССР Институт проблем машиностроения им. А. Н. Подгорного
Weitere Verfasser: Янютин Е. Г. Евгений Григорьевич, Романенко Л. Г. Леонид Григорьевич
Sprache:Russisch
Veröffentlicht: Киев, Наукова думка, 1980
Schlagworte:
Format: Buch
KOHA link:https://koha.lib.tpu.ru/cgi-bin/koha/opac-detail.pl?biblionumber=369084

MARC

LEADER 00000nam0a2200000 4500
001 369084
005 20231102012140.0
035 |a (RuTPU)RU\TPU\retro\26466 
090 |a 369084 
100 |a 20220505d1980 k y0rusy50 ca 
101 0 |a rus 
102 |a UA 
105 |a a z 001zy 
200 1 |a Колебания деформируемых систем при импульсных и подвижных нагрузках  |e монография  |f С. С. Кохманюк, Е. Г. Янютин, Л. Г. Романенко  |g Академия наук Украинской ССР, Институт проблем машиностроения им. А. Н. Подгорного 
210 |a Киев  |c Наукова думка  |d 1980 
215 |a 232 с.  |c ил. 
320 |a Библиогр.: с. 226-229 
606 1 |a Механика деформируемых тел  |x (сопротивление материалов)  |2 stltpush  |3 (RuTPU)RU\TPU\subj\43566  |9 63053 
610 1 |a инерционные подвижные нагрузки 
610 1 |a инерционные нагрузки 
610 1 |a колебания 
610 1 |a движущиеся массы 
610 1 |a постоянная скорость 
610 1 |a динамические прогибы 
610 1 |a моменты 
610 1 |a постоянное ускорение 
610 1 |a конструкции 
610 1 |a тонкостенные элементы 
610 1 |a инерционные подвижные нагрузки 
610 1 |a нестационарное сферически-симметрчное деформирование 
610 1 |a упругие тела 
610 1 |a подкрепленные цилиндрические оболочки 
610 1 |a нестационарное деформирование 
610 1 |a оребренные цилиндрические оболочки 
610 1 |a неосесимметричное нагружение 
610 1 |a монографии 
675 |a 539.37  |v 4 
700 1 |a Кохманюк  |b С. С.  |g Сергей Степанович 
701 1 |a Янютин  |b Е. Г.  |g Евгений Григорьевич 
701 1 |a Романенко  |b Л. Г.  |g Леонид Григорьевич 
712 0 2 |a Академия наук Украинской ССР  |b Институт проблем машиностроения им. А. Н. Подгорного  |c (Харьков)  |2 stltpush  |3 (RuTPU)RU\TPU\col\11523  |9 25149 
801 1 |a RU  |b 63413507  |c 20220505 
801 2 |a RU  |b 63413507  |c 20220505  |g RCR 
942 |c BK